Cross and Jones' Introduction to criminal law / (Record no. 260)

MARC details
000 -LEADER
fixed length control field 01333cam a2200349 i 4500
001 - CONTROL NUMBER
control field 3184944
003 - CONTROL NUMBER IDENTIFIER
control field OSt
005 - DATE AND TIME OF LATEST TRANSACTION
control field 20110722144452.0
008 - FIXED-LENGTH DATA ELEMENTS--GENERAL INFORMATION
fixed length control field 761001s1976 enk b 001 0 eng
010 ## - LIBRARY OF CONGRESS CONTROL NUMBER
LC control number 76372586
015 ## - NATIONAL BIBLIOGRAPHY NUMBER
National bibliography number GB***
020 ## - INTERNATIONAL STANDARD BOOK NUMBER
International Standard Book Number 0406570469 :
Terms of availability £8.60.
International Standard Book Number 0406570477
040 ## - CATALOGING SOURCE
Original cataloging agency DLC
Transcribing agency DLC
Modifying agency DLC
043 ## - GEOGRAPHIC AREA CODE
Geographic area code e-uk---
050 00 - LIBRARY OF CONGRESS CALL NUMBER
Classification number KD7869
Item number .C76 1976
082 00 - DEWEY DECIMAL CLASSIFICATION NUMBER
Classification number 345.42 CRO
100 1# - MAIN ENTRY--PERSONAL NAME
Personal name Cross and Janes'
Titles and other words associated with a name Sir,
Dates associated with a name 1912-1980.
9 (RLIN) 768
240 10 - UNIFORM TITLE
Uniform title <a href="Introduction to criminal law">Introduction to criminal law</a>
245 10 - TITLE STATEMENT
Title Cross and Jones' Introduction to criminal law /
Statement of responsibility, etc Philip Asterley Jones, Richard Card.
250 ## - EDITION STATEMENT
Edition statement 8th ed.
260 ## - PUBLICATION, DISTRIBUTION, ETC. (IMPRINT)
Place of publication, distribution, etc London :
Name of publisher, distributor, etc Butterworths,
Date of publication, distribution, etc 1976.
300 ## - PHYSICAL DESCRIPTION
Extent xvii, 474 p. ;
Dimensions 23 cm.
504 ## - BIBLIOGRAPHY, ETC. NOTE
Bibliography, etc Includes bibliographical references and index.
650 #0 - SUBJECT ADDED ENTRY--TOPICAL TERM
Topical term or geographic name as entry element Criminal law
Geographic subdivision Great Britain.
9 (RLIN) 769
700 1# - ADDED ENTRY--PERSONAL NAME
Personal name Jones, Philip Asterley,
Relator term joint author.
9 (RLIN) 770
700 1# - ADDED ENTRY--PERSONAL NAME
Personal name Card, Richard,
Relator term joint author.
9 (RLIN) 771
740 0# - ADDED ENTRY--UNCONTROLLED RELATED/ANALYTICAL TITLE
Uncontrolled related/analytical title Introduction to criminal law.
906 ## - LOCAL DATA ELEMENT F, LDF (RLIN)
a 7
b cbc
c orignew
d u
e ncip
f 19
g y-gencatlg
942 ## - ADDED ENTRY ELEMENTS (KOHA)
Source of classification or shelving scheme Dewey Decimal Classification
Koha item type Books
Holdings
Withdrawn status Lost status Source of classification or shelving scheme Damaged status Not for loan Home library Current library Shelving location Date acquired Total Checkouts Full call number Barcode Date last seen Price effective from Koha item type
    Dewey Decimal Classification     Law Development Centre Main Library Law Development Centre Main Library Text Books and Laws 04/11/2011   345.42 CRO 2011/2728 04/11/2011 04/11/2011 Books
    Dewey Decimal Classification     Law Development Centre Main Library Law Development Centre Main Library Text Books and Laws 04/11/2011   345.42 CRO 2011/2729 04/11/2011 04/11/2011 Books